000 00941nam a2200289 i 4500
001 000047275
003 DO-SdBNP
005 20250508094640.0
007 ta
008 180426s2017 dr r 000 0 spa d
020 _a9789945609011
040 _aDO-SdBNP
_bspa
_cBNPHU
_erda
082 _axxxx
_bA347r
_222
100 1 _aAlcántara Almánzar, José
_d1946-
_eautor
_4aut.
_97018
245 1 0 _aReflejos del siglo veinte dominicano /
_cJosé Alcántara Almánzar.
250 _aPrimera edición
264 1 _aSanto Domingo :
_bEditorial Santuario,
_c2017.
300 _a314 páginas
_c23 cm.
336 _atexto
_btxt
_2rdacontent
337 _asin mediación
_bn
_2rdamedia
338 _avolumen
_bnc
_2rdacarrier
500 _aIncluye datos biográficos del autor en la solapa de la cubierta
500 _aIncluye índice onomástico.
504 _aBibliografía : p. 277-296.
590 _aInventariado, 2020/BT
942 _2ddc
_cLBS1
999 _c46763
_d46763